000 01596nam0a22003011 4500
001 v19\rc\2101007
005 20101201114257.0
035 _a(NLR Aleph) 005278000
090 _a6068478
_c6068478
100 _a20090914d1807 |||y0rusy50 ca
101 1 _arus
_cfre
102 _aRU
105 _ay z |||||
200 1 _aКритик, или Чувственное путешествие около Пале-Ройяль, королевских палат, в Париже.
_eСочинение критическое, историческое и нравственное.
_fПеревел с французскаго Н...й Ф..-ъ
210 _aМосква
_cв Вольной типографии Федора Любия
_d1807
215 _a[6], 124 с.
_d12° (16 см)
300 _aЗагл. ориг.: Le censeur ou Voyage sentimental autour du Palais-Royal : ouvrage critique, historique et moral (Paris, 1802)
321 1 _aСК 1801-1825 4114
454 0 _12001#$aLe censeur ou Voyage sentimental autour du Palais-Royal
_15171#$aCenseur ou Voyage sentimental autour du Palais-Royal
_15171#$aVoyage sentimental autour du Palais-Royal
517 1 _aЧувственное путешествие около Пале-Ройяль, королевских палат, в Париже
700 1 _aРони
_bА. Ж. де
_f1771-1814
_gАнтуан Жозеф де
702 0 _aН...й Ф..-ъ
_4730
801 0 _aRU
_bNLR
_c20090914
_gpsbo
801 1 _aRU
_bProSoft-M
_c20090914
_2rusmarc
801 2 _aRU
_bNLR
_c20101129
_2rusmarc
852 _aNLR
_j18.258.1.31
942 _cBOOK
980 _aNB